El proletariado industrial en México, 1850-1930 /

Gespeichert in:
Bibliographische Detailangaben
1. Verfasser: Basurto, Jorge (autor)
Format: Buch
Sprache:Spanisch
Veröffentlicht: México : UNAM, Instituto de Investigaciones Sociales, 1975, c1975
Tags: Tag hinzufügen
Keine Tags, Fügen Sie das erste Tag hinzu!

MARC

LEADER 00000nam^a2200000^a^4500
001 000427224
005 20250526000000.0
009 20260310122803.805
037 |a Acervo ITESO - Biblioteca 
041 |a ESP 
091 |a FHM. 03195 
100 |a Basurto, Jorge  |e (autor) 
245 1 3 |a El proletariado industrial en México, 1850-1930 / 
264 4 |a México :  |b UNAM, Instituto de Investigaciones Sociales,  |c 1975, c1975 
300 |a 298 p. ;  |c 23.0 cm. 
336 |a texto  |b txt  |2 rdacontenido 
337 |a sin mediación  |b n  |2 rdamedio 
338 |a volumen  |b nc  |2 rdasoporte 
649 |a XX 
910 |a Fondo Hugo B. Margáin 
920 |a Impresos - Libros 
930 |a Libros Antiguos y Raros 
905 |a 126 
901 |a 0500304633  |b IT2  |c LRA  |i D110971  |u 20250526 
902 |a https://opac.biblio.iteso.mx/vufind/Record/000427224